Top 10 men cyclist 2024!!! - Statistics

General Stats
  • This quiz has been taken 64 times
  • The average score is 7 of 10
Answer Stats
Hint Answer % Correct
11655 points Pogacar
98%
6072 points Evenepoel
94%
4053 points van der Poel
92%
3536 points Vingegaard
92%
2925 points van Aert
89%
3471 points Roglic
75%
4790 points Philipsen
74%
3352 points Girmay
47%
3568 points Hirschi
25%
4096 points O'Connor
25%
No matching quizzes found
Score Distribution
Percent of People with Each Score
Percentile by Number Answered
Your Score History
You have not taken this quiz